| 000 | nam a22 a 4500 | ||
|---|---|---|---|
| 999 |
_c636 _d636 |
||
| 005 | 20170504135923.0 | ||
| 008 | 170504b19941995enk||||| |||| 00| 0 eng d | ||
| 020 |
_a0140230769 _c6.99 |
||
| 040 | _aAKMAL | ||
| 082 | _a158.1 BON | ||
| 090 |
_a158.1 _bBON |
||
| 100 |
_aBono,Edward _91371 |
||
| 245 | _aParallel Thinking | ||
| 260 |
_bViking _c1994 |
||
| 260 |
_bPenguin Books _c1994 |
||
| 300 |
_a228p _c18cm |
||
| 650 |
_aPsychology _9859 |
||
| 942 |
_2ddc _cBOOK |
||